| 000 | 00540nam a2200205Ia 4500 | ||
|---|---|---|---|
| 005 | 20260429112258.0 | ||
| 008 | 260429s9999||||xx |||||||||||||| ||und|| | ||
| 020 | _a9789391734725 | ||
| 041 | _aEnglish | ||
| 082 |
_a634.6 _bMIS |
||
| 100 | _aMisra, A. K. | ||
| 245 | 0 |
_aHand book of guava / _cA. K. Misra |
|
| 260 |
_aNew Delhi : _bToday & Tomorrow's Printers and Publishers, _c2024. |
||
| 300 | _a343 p.; hb | ||
| 650 | _a Fruit crops | ||
| 650 | _a Horticulture | ||
| 650 | _a Tropical fruits | ||
| 650 | _aGuava | ||
| 942 | _cTB | ||
| 999 |
_c53275 _d53275 |
||